| 000 | 00852cam a2200253 a 4500 | ||
|---|---|---|---|
| 003 | OSt | ||
| 005 | 20260205144819.0 | ||
| 008 | 950606s1995 maua b 001 0 eng | ||
| 020 |
_a0896085074 _qhardcover : alk. paper |
||
| 020 |
_a0896085082 _qpbk. : alk. paper |
||
| 020 |
_a9780896085077 _q(hardcover : alk. paper) |
||
| 040 |
_aKABLIB _cKABLIB _beng _erda |
||
| 082 | 0 | 0 |
_a320.972 _223 _bBOT |
| 100 | 1 |
_aLa Botz, Dan. _915399 |
|
| 245 | 1 | 0 |
_aDemocracy in Mexico : _bpeasant rebellion and political reform / _cDan La Botz. |
| 260 |
_aBoston, MA : _bSouth End Press, _cc1995. |
||
| 300 |
_axi, 274 p. : _bill. ; _c23 cm. |
||
| 504 | _aIncludes bibliographical references (p. 257-265) and index. | ||
| 650 | 0 | _aDemocracy | |
| 650 | 0 | _aSocial movements | |
| 651 | 0 |
_aMexico _915400 |
|
| 651 | 0 |
_aMexico _xEconomic conditions. _915401 |
|
| 942 |
_2ddc _cBOOK |
||
| 999 |
_c6071 _d6071 |
||